Registr Microsoft Windows XP : Kompletní průvodce přizpůsobením a optimalizací operačního systému

Gespeichert in:
Bibliographische Detailangaben
1. Verfasser: Kokoreva, Olga (Verfasst von)
Format: Buch
Sprache:Tschechisch
Veröffentlicht: Praha : Computer Press, 2002
Tags: Tag hinzufügen
Keine Tags, Fügen Sie das erste Tag hinzu!

MARC

LEADER 00000nam a22000003a 4500
001 stu78445
005 20150617225642.8
008 030113s2002----xr------------------cze-d
020 |a 80-7226-783-3 
040 |a STU  |b slo 
041 0 |a cze 
044 |a xr 
080 |a 004.42 
100 1 |a Kokoreva, Olga  |4 aut 
245 1 |a Registr Microsoft Windows XP :  |b Kompletní průvodce přizpůsobením a optimalizací operačního systému 
260 |a Praha :  |b Computer Press,  |c 2002 
300 |a 20,393 s.;schémy 
500 |a prel. z angl.vyd. 
996 |b 284EK87835  |c E*87835  |l EELSDV  |s P  |a 0  |w stu78445_0001